Correspondencia epistolar de Don José de Vargas y Ponce y otros, en materias de arte / (Record no. 49140)

MARC details
000 -LEADER
campo de control de longitud fija 00703nam a2200193 i 4500
001 - NÚMERO DE CONTROL
campo de control 49140
003 - IDENTIFICADOR DE NÚMERO DE CONTROL
campo de control ES-MaACL
005 - FECHA Y HORA DE LA ÚLTIMA TRANSACCIÓN
campo de control 20250722022924.0
007 - CAMPO FIJO DE DESCRIPCIÓN FÍSICA--INFORMACIÓN GENERAL
campo de control de longitud fija t|
008 - DATOS DE LONGITUD FIJA--INFORMACIÓN GENERAL
campo de control de longitud fija 030708s1900 sp ||||1| spa d
100 1# - ENTRADA PRINCIPAL--NOMBRE DE PERSONA
Nombre de persona Vargas Ponce, José.
9 (RLIN) 113210
245 10 - MENCIÓN DEL TÍTULO
Título Correspondencia epistolar de Don José de Vargas y Ponce y otros, en materias de arte /
Mención de responsabilidad, etc. colegida por Cesareo Fernández Duro.
260 ## - PUBLICACIÓN, DISTRIBUCIÓN, ETC.
Lugar de publicación, distribución, etc. Madrid :
Nombre del editor, distribuidor, etc. Real Academia de Bellas Artes de San Fernando,
Fecha de publicación, distribución, etc. 1900 (
Fabricante Vda. e Hijos de M. Tello)
300 ## - DESCRIPCIÓN FÍSICA
Extensión 348 p. ;
Dimensiones 19 cm.
650 07 - PUNTO DE ACCESO ADICIONAL DE MATERIA--TÉRMINO DE MATERIA
Término de materia o nombre geográfico como elemento de entrada Arte español
Fuente del encabezamiento o término embne
9 (RLIN) 10189
700 1# - ENTRADA AGREGADA--NOMBRE PERSONAL
Nombre de persona Fernández Duro, Cesáreo,
Fechas asociadas al nombre 1830-1908
9 (RLIN) 49752
852 ## - LOCALIZACIÓN
Ubicación ES-MaACL
Número de control de estantería F-6625
Holdings
Estatus retirado Estado de pérdida Estado de daño No para préstamo Colección Biblioteca de origen Biblioteca actual Ubicación en estantería Fecha de adquisición Fuente de adquisición Total de préstamos Signatura topográfica completa Código de barras Visto por última vez Precio de reemplazo Tipo de ítem Koha
        Libros del s. XIX Biblioteca del Ateneo de Madrid Biblioteca del Ateneo de Madrid Depósito 2 17/01/2008     F-6625 1051713 23/02/2023 23/02/2023 Libro impreso antiguo